Ελληνική λαογραφία
Αποθηκεύτηκε σε:
| Κύριος συγγραφέας: | |
|---|---|
| Μορφή: | Βιβλίο |
| Γλώσσα: | Greek |
| Δημοσίευση: |
Αθήνα :
Οδυσσέας,
c1992.
|
| Θέματα: | |
| Ετικέτες: |
Προσθήκη ετικέτας
Δεν υπάρχουν, Καταχωρήστε ετικέτα πρώτοι!
|
MARC
| LEADER | 00000cam a2200000 i 4500 | ||
|---|---|---|---|
| 001 | 1/13536 | ||
| 008 | 980316s1992 gr | ||| |||| ||gre|| | ||
| 020 | |a 9602101784 (τ.1) | ||
| 020 | |a 9602101792 (τ.2) | ||
| 020 | |a 9602100702 (τ.3) | ||
| 035 | |l 10019080 | ||
| 040 | |a GR-MyUA |b gre |e AACR2 | ||
| 041 | 0 | |a gre | |
| 082 | 0 | |a 398.09495 | |
| 100 | 1 | |a Μερακλής, Μιχάλης Γ., |d 1932- | |
| 245 | 1 | 0 | |a Ελληνική λαογραφία / |c Μιχάλης Γ. Μερακλής. |
| 260 | |a Αθήνα : |b Οδυσσέας, |c c1992. | ||
| 300 | |a 3 τ. ; |c 21 εκ. | ||
| 500 | |a Ο τόμος 2 ειναι 5η εκδ. | ||
| 500 | |a Το Παράρτημα της Ρόδου διαθέτει την 8η έκδοση του 1ου τόμου [ανατύπωση], 1998. | ||
| 500 | |a Το Παράρτημα της Ρόδου διαθέτει την 6η έκδοση του 2ου τόμου [ανατύπωση], 1998. | ||
| 505 | 0 | |a Τ.1. Κοινωνική συγκρότηση -- τ. 2. Ήθη και έθιμα -- τ. 3. Λαϊκή τέχνη. | |
| 650 | 0 | 0 | |a Folklore |z Greece. |
| 650 | 0 | 0 | |a Folk art |z Greece. |
| 651 | 0 | |a Greece |x Social life and customs. | |
| 740 | 0 | 2 | |a Κοινωνική συγκρότηση |
| 740 | 0 | 2 | |a Ήθη και έθιμα |
| 740 | 0 | 2 | |a Λαϊκή τέχνη |
| 852 | |a INST |b LESVOS |e 19980316 |h 398.09495 ΜΕΡ |p 005100013706 |q 005100013706 |t BK |y 0 |z τ.3. | ||
| 852 | |a INST |b LESVOS |e 19980316 |h 398.09495 ΜΕΡ |p 005100013707 |q 005100013707 |t BK |y 0 |z τ.2. | ||
| 852 | |a INST |b LESVOS |e 19980316 |h 398.09495 ΜΕΡ |p 005100013708 |q 005100013708 |t BK |y 0 |z τ.1. | ||
| 852 | |a INST |b LESVOS |e 19980316 |h 398.09495 ΜΕΡ |p 005100013706 |q 005100013706 |t BK |v τ.3: |y 0 |z τ.3. | ||
| 852 | |a INST |b LESVOS |e 19980316 |h 398.09495 ΜΕΡ |p 005100013707 |q 005100013707 |t BK |v τ.2: |y 0 |z τ.2. | ||
| 852 | |a INST |b LESVOS |e 19980316 |h 398.09495 ΜΕΡ |p 005100013708 |q 005100013708 |t BK |v τ.1: |y 0 |z τ.1. | ||
| 852 | |a INST |b RHODES |e 20030206 |h 398.09495 ΜΕΡ |p 005400015828 |q 005400015828 |t BK |y 0 |z τ.2 | ||
| 852 | |a INST |b RHODES |e 20020215 |h 398.09495 ΜΕΡ |p 005400016681 |q 005400016681 |t BK |y 0 |z τ.3 | ||
| 852 | |a INST |b RHODES |e 20030605 |h 398.09495 ΜΕΡ |p 005400020345 |q 005400020345 |t BK |y 4 |x 20230410 |z τ.2 | ||
| 852 | |a INST |b RHODES |e 20080214 |h 398.09495 ΜΕΡ |p 005400029892 |q 005400029892 |t BK |y 0 |z τ.2 | ||
| 852 | |a INST |b RHODES |e 20080214 |h 398.09495 ΜΕΡ |p 005400029895 |q 005400029895 |t BK |y 0 |z τ.3 | ||
| 852 | |a INST |b RHODES |e 20080214 |h 398.09495 ΜΕΡ |p 005400029896 |q 005400029896 |t BK |y 0 |z τ.1 | ||
| 852 | |a INST |b RHODES |e 20030206 |h 398.09495 ΜΕΡ |p 005400015828 |q 005400015828 |t BK |v τ.2: |y 0 |z τ.2 | ||
| 852 | |a INST |b RHODES |e 20020215 |h 398.09495 ΜΕΡ |p 005400016681 |q 005400016681 |t BK |v τ.3: |y 0 |z τ.3 | ||
| 852 | |a INST |b RHODES |e 20030605 |h 398.09495 ΜΕΡ |p 005400020345 |q 005400020345 |t BK |v τ.2: |y 4 |x 20230410 |z τ.2 | ||
| 852 | |a INST |b RHODES |e 20080214 |h 398.09495 ΜΕΡ |p 005400029892 |q 005400029892 |t BK |v τ.2: |y 0 |z τ.2 | ||
| 852 | |a INST |b RHODES |e 20080214 |h 398.09495 ΜΕΡ |p 005400029895 |q 005400029895 |t BK |v τ.3: |y 0 |z τ.3 | ||
| 852 | |a INST |b RHODES |e 20080214 |h 398.09495 ΜΕΡ |p 005400029896 |q 005400029896 |t BK |v τ.1: |y 0 |z τ.1 | ||
| 852 | |a INST |b SAMOS |e 20170214 |h 398.09495 ΜΕΡ |p 005300044351 |q 005300044351 |t BK |v τ.3: |y 0 | ||
| 853 | |a INST |b LESVOS |h 398.09495 ΜΕΡ | ||
| 853 | |a INST |b RHODES |h 398.09495 ΜΕΡ | ||
| 853 | |a INST |b SAMOS |h 398.09495 ΜΕΡ | ||
| 901 | |a BIBL-1998-2 | ||
| 901 | |a BIBL4-2002-1 | ||
| 920 | |a ΕΡΓΑΣΤΗΡΙΟ ΙΣΤΟΡΙΑΣ |y Ρόδος |z 2008-02 | ||
| 922 | |a 1ΕΛΗ |b 199802 |c ΚΠΣ/ΤΚΑ |d EMVASIS | ||
| 950 | |a 117-1998-01-28 | ||